[Event "Oceania zt (Women)"]
[Site "Nadi"]
[Date "2013.05.07"]
[Round "6"]
[White "Sukhu, Gloria"]
[Black "Wijesuriya, G Vineetha"]
[Result "0-1"]
[WhiteElo "1517"]
[BlackElo "1846"]
[PlyCount "70"]
[EventDate "2013.05.05"]
[EventType "swiss"]
[EventRounds "9"]
[EventCountry "FIJ"]
[SourceTitle "CBM 154 Extra"]
[Source "ChessBase"]
[SourceDate "2013.06.25"]
[SourceVersion "2"]
[SourceVersionDate "2013.06.25"]
[SourceQuality "1"]

1. e4 d5 2. e5 c5 3. b3 Nc6 4. Bb5 Qc7 5. Bb2 a6 6. Bxc6+ Qxc6 7. d4 Qg6 8. Nf3 Qxg2 9. Rg1 Qh3 10. Nbd2 Bg4 11. Rg3 Qh5 12. Qe2 Qf5 13. 0-0-0 cxd4 14. Bxd4 Rc8 15. c3 e6 16. Rdg1 Bxf3 17. Rxf3 Qh5 18. Nb1 Qh4 19. Kb2 Qe7 20. a3 g6 21. Rh3 Bg7 22. Rgg3 Nh6 23. Bb6 Rc6 24. Ba5 Nf5 25. Rg4 f6 26. Bb4 Qc7 27. f4 fxe5 28. fxe5 Bxe5 29. Qd2 a5 30. Bc5 Rxc5 31. Qe2 0-0 32. Rg2 d4 33. Qd3 dxc3+ 34. Ka2 c2 35. Rxh7 c1N# 0-1

[Event "World Amateur-ch"]
[Site "Iasi"]
[Date "2013.04.23"]
[Round "2"]
[White "Wijesuriya, G Vineetha"]
[Black "Vrencian, Lehel"]
[Result "0-1"]
[WhiteElo "1846"]
[BlackElo "1966"]
[PlyCount "80"]
[EventDate "2013.04.22"]
[EventType "swiss"]
[EventRounds "9"]
[EventCountry "ROU"]
[SourceTitle "CBM 154 Extra"]
[Source "ChessBase"]
[SourceDate "2013.06.25"]
[SourceVersion "2"]
[SourceVersionDate "2013.06.25"]
[SourceQuality "1"]

1. d4 f5 2. g3 Nf6 3. Bg2 g6 4. c4 Bg7 5. Nc3 0-0 6. Nf3 d6 7. 0-0 Nc6 8. Ng5 h6 9. Nf3 e5 10. dxe5 dxe5 11. Be3 Be6 12. b3 Qe7 13. Qc1 Ng4 14. Bd2 e4 15. Ne1 Kh7 16. h3 Nge5 17. Rb1 Rad8 18. Nc2 g5 19. Ne3 Nd4 20. Nc2 c5 21. Be3 Kh8 22. Rd1 Nec6 23. h4 gxh4 24. Bxh6 hxg3 25. Bg5 gxf2+ 26. Kxf2 Bf6 27. Rh1+ Kg8 28. Bxf6 Qxf6 29. Rh6 Qg7 30. Nxd4 Qxd4+ 31. Kf1 Kf7 32. Nd5 Bxd5 33. cxd5 e3 34. Rh3 Nb4 35. Rxe3 Nxa2 36. Qb2 Qxe3 37. Qxa2 Rg8 38. Qxa7 Rd7 39. Qb6 Re7 40. Rb2 Qc1+ 0-1

[Event "AUS-ch Reserves"]
[Site "Geelong"]
[Date "2011.12.29"]
[Round "3"]
[White "Wijesuriya, G Vineetha"]
[Black "Dale, Ari"]
[Result "0-1"]
[WhiteElo "1855"]
[BlackElo "1977"]
[PlyCount "116"]
[EventDate "2011.12.27"]
[EventType "swiss"]
[EventRounds "11"]
[EventCountry "AUS"]
[SourceTitle "EXT 2023"]
[Source "ChessBase"]
[SourceDate "2022.10.05"]
[SourceVersion "1"]
[SourceVersionDate "2022.10.05"]
[SourceQuality "1"]

1. Nf3 Nf6 2. e3 g6 3. c4 Bg7 4. Nc3 0-0 5. d4 d5 6. b3 c5 7. Bb2 Nc6 8. Nxd5 Nxd5 9. cxd5 Qxd5 10. Bc4 Qd8 11. Ne5 Nxe5 12. dxe5 Qa5+ 13. Qd2 Qxd2+ 14. Kxd2 Bd7 15. a4 Rfd8 16. Ke2 Bc6 17. f3 Bd5 18. Bxd5 Rxd5 19. Rad1 Rad8 20. Rxd5 Rxd5 21. Rd1 Rxd1 22. Kxd1 Kf8 23. Kc2 Ke8 24. Kd3 Bh6 25. f4 Kd7 26. Ke4 e6 27. g4 Kc6 28. Bc1 b5 29. axb5+ Kxb5 30. Kd3 Kb4 31. Kc2 c4 32. Bd2+ Kb5 33. Kc3 cxb3 34. Kxb3 Bf8 35. Bc3 a5 36. Bd4 Bb4 37. e4 a4+ 38. Kc2 Kc4 39. Ba1 Bc5 40. Bb2 Be3 41. f5 Bd4 42. Ba3 Bxe5 43. h4 exf5 44. exf5 gxf5 45. gxf5 Kd4 46. Be7 Ke4 47. Kb1 Kxf5 48. Ka2 Ke6 49. Bd8 Bd6 50. Bb6 f5 51. Be3 f4 52. Bxf4 Bxf4 53. Ka3 Kf5 54. h5 Kg5 55. h6 Kxh6 56. Kxa4 Kg5 57. Kb3 Kg4 58. Kc2 Kf3 0-1

[Event "AUS-ch Reserves"]
[Site "Geelong"]
[Date "2011.12.28"]
[Round "2"]
[White "Dowling, John G"]
[Black "Wijesuriya, G Vineetha"]
[Result "1/2-1/2"]
[WhiteElo "2042"]
[BlackElo "1855"]
[PlyCount "100"]
[EventDate "2011.12.27"]
[EventType "swiss"]
[EventRounds "11"]
[EventCountry "AUS"]
[SourceTitle "EXT 2023"]
[Source "ChessBase"]
[SourceDate "2022.10.05"]
[SourceVersion "1"]
[SourceVersionDate "2022.10.05"]
[SourceQuality "1"]

1. e4 d6 2. Nc3 c6 3. g3 g6 4. Bg2 Bg7 5. Nge2 Na6 6. 0-0 Nc7 7. d4 Bg4 8. h3 Bd7 9. Be3 Qc8 10. Kh2 Nf6 11. Qd2 0-0 12. Bh6 b5 13. Bxg7 Kxg7 14. e5 Nfd5 15. exd6 exd6 16. Nxd5 Nxd5 17. Bxd5 cxd5 18. g4 f5 19. f3 Qd8 20. Nf4 Qh4 21. Ng2 Qd8 22. Rae1 Rf7 23. Rf2 Qf8 24. Rfe2 a5 25. a3 b4 26. axb4 axb4 27. Qxb4 Rb8 28. Qa3 fxg4 29. fxg4 Kh8 30. b3 Bb5 31. Re6 Bf1 32. Qxd6 Rf2 33. Qe5+ Kg8 34. Rxf1 Rxf1 35. Qxd5 Qf7 36. Qe5 Rc8 37. d5 Rf2 38. c4 Rf8 39. Qe4 Rxg2+ 40. Qxg2 Qf4+ 41. Qg3 Qf1 42. Qe3 Rf3 43. Re8+ Kg7 44. Re7+ Kf8 45. Re8+ Kg7 46. Qe7+ Rf7 47. Qe5+ Rf6 48. Re7+ Kf8 49. Re8+ Kg7 50. Re7+ Kf8 1/2-1/2

[Event "AUS-ch Major"]
[Site "Cammeray"]
[Date "2010.01.09"]
[Round "7"]
[White "Wijesuriya, G Vineetha"]
[Black "Gillespie, Gary"]
[Result "1/2-1/2"]
[WhiteElo "1654"]
[BlackElo "1839"]
[PlyCount "93"]
[EventDate "2010.01.02"]
[EventType "swiss"]
[EventRounds "11"]
[EventCountry "AUS"]
[SourceTitle "EXT 2011"]
[Source "ChessBase"]
[SourceDate "2010.11.26"]
[SourceVersion "1"]
[SourceVersionDate "2010.11.26"]
[SourceQuality "1"]

1. d4 Nf6 2. Nf3 g6 3. Bg5 Bg7 4. Nbd2 0-0 5. e4 d6 6. Bxf6 exf6 7. c3 f5 8. e5 dxe5 9. dxe5 Re8 10. Bc4 Bxe5 11. 0-0 Nc6 12. Qb3 Rf8 13. Rad1 Bd6 14. Rfe1 Qf6 15. h4 b6 16. Ng5 Bb7 17. Bxf7+ Rxf7 18. Re6 Qg7 19. Rde1 Na5 20. Re8+ Rxe8 21. Rxe8+ Bf8 22. Qe6 h6 23. Nxf7 Qxf7 24. b4 Qxe6 25. Rxe6 Kf7 26. Re3 Nc6 27. Nf3 Bg7 28. a4 Bf6 29. Kf1 Ne7 30. c4 Nc6 31. Rb3 Ne5 32. Nxe5+ Bxe5 33. g3 Be4 34. Ke2 c5 35. b5 Kf6 36. Ra3 Bb2 37. Rb3 Be5 38. Ra3 Bc7 39. Ke3 g5 40. hxg5+ hxg5 41. Ra2 Bb7 42. f4 Bc8 43. Rh2 gxf4+ 44. gxf4 Kg7 45. Rg2+ Kf7 46. Rh2 Kg7 47. Rg2+ 1/2-1/2

[Event "Olympiad Women-38"]
[Site "Dresden"]
[Date "2008.11.21"]
[Round "8"]
[White "Zsiltzova Lisenko, Lubov"]
[Black "Wijesuriya, G Vineetha"]
[Result "1/2-1/2"]
[WhiteElo "2265"]
[BlackElo "1937"]
[PlyCount "133"]
[EventDate "2008.11.13"]
[EventType "team-swiss"]
[EventRounds "11"]
[EventCountry "GER"]
[SourceTitle "CBM 128"]
[Source "ChessBase"]
[SourceDate "2009.01.28"]
[SourceVersion "1"]
[SourceVersionDate "2009.01.28"]
[SourceQuality "1"]
[WhiteTeam "IBCA (W)"]
[BlackTeam "Sri Lanka (W)"]
[BlackTeamCountry "SRI"]

1. e4 e5 2. f4 d6 3. Nf3 Bg4 4. Bc4 Bxf3 5. Qxf3 Nc6 6. c3 Nf6 7. 0-0 Qd7 8. h3 0-0-0 9. b4 d5 10. exd5 Nxd5 11. Qf2 Kb8 12. fxe5 Nxe5 13. Be2 Nf6 14. d4 Ng6 15. Bf3 Re8 16. Nd2 Bd6 17. Nc4 Ne4 18. Bxe4 Rxe4 19. Nxd6 Qxd6 20. Bd2 f6 21. Rae1 Rhe8 22. a4 Qd5 23. a5 Qb5 24. Rxe4 Rxe4 25. Re1 Qd3 26. Kh2 Ne7 27. a6 bxa6 28. Rxe4 Qxe4 29. Qf1 Kb7 30. Qc4 Nd5 31. b5 axb5 32. Qxb5+ Nb6 33. Qb4 Qd5 34. Bf4 Qc4 35. Qf8 Qxc3 36. Qxg7 Nd5 37. Bg3 Qxd4 38. Qxh7 a5 39. Qd7 Qc4 40. h4 Ne3 41. Kh3 f5 42. Bf4 Nd5 43. Bg3 f4 44. Bf2 a4 45. h5 a3 46. Qg7 Qb3+ 47. Kh2 Ne3 48. Bxe3 fxe3 49. h6 Qb2 50. Qe7 e2 51. Qe4+ Kb6 52. Qe3+ Kb5 53. Qe8+ Kc5 54. Qe7+ Kd5 55. Qd8+ Ke4 56. Qa8+ Kf5 57. Qa5+ Qe5+ 58. Qxe5+ Kxe5 59. h7 e1Q 60. h8Q+ Kd5 61. Qd8+ Kc6 62. Qa8+ Kd7 63. Qxa3 Qh4+ 64. Kg1 Qe1+ 65. Kh2 Qh4+ 66. Kg1 Qe1+ 67. Kh2 1/2-1/2

[Event "Commonwealth-ch"]
[Site "Nagpur"]
[Date "2008.10.03"]
[Round "8"]
[White "Navya Vyshnavi, Mannepalli"]
[Black "Wijesuriya, G Vineetha"]
[Result "1-0"]
[WhiteElo "1752"]
[BlackElo "1941"]
[PlyCount "83"]
[EventDate "2008.09.28"]
[EventType "swiss"]
[EventRounds "11"]
[EventCountry "IND"]
[SourceTitle "CBM 126 Extra"]
[Source "ChessBase"]
[SourceDate "2008.11.05"]
[SourceVersion "1"]
[SourceVersionDate "2008.11.05"]
[SourceQuality "1"]

1. g3 d5 2. Bg2 Nf6 3. e3 c6 4. Ne2 e5 5. d4 Bd6 6. b3 Nbd7 7. c4 dxc4 8. bxc4 exd4 9. exd4 Bb4+ 10. Nbc3 Qa5 11. Qb3 0-0 12. 0-0 Re8 13. a3 Bxc3 14. Nxc3 Qh5 15. Bd2 Nf8 16. Rfe1 Bh3 17. Qxb7 Bxg2 18. Kxg2 Rab8 19. Qxc6 Rb2 20. Rxe8 Nxe8 21. Qxe8 Rxd2 22. Nd5 h6 23. h3 Kh7 24. Nf4 Qf5 25. Qxf8 Qe4+ 26. Kg1 Qxd4 27. Rf1 Qxc4 28. Nh5 Qd4 29. Qxf7 Rd3 30. Re1 Rd1 31. Qf5+ Kg8 32. Rxd1 Qxd1+ 33. Kg2 Qb3 34. Qe5 Qb7+ 35. Kh2 Qf7 36. Nf4 Kh8 37. Qe6 Qb7 38. Ng6+ Kh7 39. Qf5 Qb2 40. Ne7+ Kh8 41. Qf8+ Kh7 42. Qg8# 1-0

[Event "Commonwealth-ch"]
[Site "Nagpur"]
[Date "2008.09.28"]
[Round "1"]
[White "Adhiban, Baskaran"]
[Black "Wijesuriya, G Vineetha"]
[Result "1-0"]
[WhiteElo "2422"]
[BlackElo "1941"]
[PlyCount "63"]
[EventDate "2008.09.28"]
[EventType "swiss"]
[EventRounds "11"]
[EventCountry "IND"]
[SourceTitle "CBM 126 Extra"]
[Source "ChessBase"]
[SourceDate "2008.11.05"]
[SourceVersion "1"]
[SourceVersionDate "2008.11.05"]
[SourceQuality "1"]

1. e4 c5 2. Nf3 d6 3. d4 cxd4 4. Nxd4 Nf6 5. Nc3 Nc6 6. Bg5 e6 7. Qd2 Be7 8. 0-0-0 a6 9. f4 Nxd4 10. Qxd4 b5 11. Bh4 Bb7 12. g4 0-0 13. Rg1 d5 14. e5 Nd7 15. Bxe7 Qxe7 16. Bd3 Nc5 17. f5 Nxd3+ 18. Rxd3 Rac8 19. Ne2 Rc4 20. f6 Qc7 21. Qe3 Rxc2+ 22. Kb1 h6 23. fxg7 Kxg7 24. g5 h5 25. g6 f6 26. Nf4 Bc8 27. Nxh5+ Kg8 28. g7 Rd8 29. Nxf6+ Kf7 30. g8Q+ Rxg8 31. Nxg8 Rxh2 32. Qf4+ 1-0